000 00760pam a2200229 a 4500
001 4017513
005 20180118094113.0
008 970801s1998 caua b 000 0 eng
010 _a 97033460
020 _a0935732918 (acidfree paper)
040 _aDLC
_cDLC
_dDLC
041 _aeng
080 _a364 CUL
082 0 0 _a364 CUL
_221
100 _a14
101 _aJUR
245 0 0 _aCriminological theory :
_c[edited and selected by] Francis T. Cullen, Robert Agnew.
504 _aIncludes bibliographical references.
906 _a7
_bcbc
_corignew
_d1
_eocip
_f19
_gy-gencatlg
942 _2ddc
_cBK
999 _c40512
_d40512